000
00352 a2200169 4500
001
160237
020
_a
85-7056-327-2
040
_c
Magnum
100
_a
Pinsky, Mirna
240
1
0
_a
Nó na garganta
_l
por
245
1
0
_a
Nó na garganta
300
_a
74
362
0
_a
1991
440
1
_a
Atual
697
_a
LITERATURA INFANTO-JUVENIL
942
_c
BK
999
_c
160237
_d
160237